|
|
|
|
| LEADER |
01131nam a22002897a 4500 |
| 001 |
29838 |
| 003 |
BD-DhAAL |
| 005 |
20171123095527.0 |
| 008 |
171122t2014 bg a|||||b|||o00| 0 eng d |
| 999 |
|
|
|c 38606
|d 38606
|
| 020 |
|
|
|a 9789221287025
|
| 020 |
|
|
|a 9789221287032
|
| 040 |
|
|
|d BD-DhAAL
|
| 082 |
|
|
|2 19
|a 339.47095492
|
| 100 |
|
|
|a Barkat, Abul
|9 23844
|
| 245 |
|
|
|a In the corridors of remittance :
|b cost and use of remittances in Bangladesh /
|c Abul Barkat, Asmar Osman, Subhash Kumar Sen Gupta
|
| 260 |
|
|
|a Dhaka :
|b International Labour Organization,
|c c2014
|
| 300 |
|
|
|a xviii, 46 pages :
|b illustrations ;
|c 30 cm.
|
| 504 |
|
|
|6 Includes bibliographical references (page 43)
|
| 541 |
|
|
|a Complementary copy
|e 29838
|
| 650 |
|
|
|a Emigrant remittances
|z Bangladesh
|9 23845
|
| 650 |
|
|
|a Emigrant remittances
|9 23846
|
| 650 |
|
|
|z Bangladesh
|9 23847
|
| 700 |
|
|
|a Osman, Asmar
|9 23848
|
| 700 |
|
|
|a Gupta, Subhash Kumar Sen
|9 23849
|
| 942 |
|
|
|2 ddc
|c BK
|
| 952 |
|
|
|0 0
|1 0
|2 ddc
|4 0
|6 339_470954920000000_BAR
|7 0
|9 61928
|a BRACUL
|b BRACUL
|c GEN
|d 2017-11-22
|e Complementary copy
|l 0
|o 339.47095492 BAR
|p 3010029838
|r 2017-11-22
|t 1
|w 2017-11-22
|y BK
|